00000000nam##2200000za#4500
0019.568812
003CaOODSP
00520210624181446
007cr |||||||||||
008150406|2003||||xxc|||||o    f|0| 0 eng|d
040 |aCaOODSP|beng
043 |an-cn---
0861 |aBT31-4/2-2003E-PDF
1101 |aCanada. |bTreasury Board.
24510|aAtlantic Canada Opportunities Agency, performance report for the period ending March 31, 2003 |h[electronic resource]
260 |bTreasury Board of Canada Secretariat |c2003.
300 |a81p.|bfig., graphs, illus., tables, index
4901 |aPerformance report for the period ending March 31, 2003
590 |a10-15-Supp|b2010-12-10
77508|tAgence de promotion économique du Canada atlantique, rapport sur le rendement pour la période se terminant le 31 mars 2003 |w(CaOODSP)9.600078
7760#|tAtlantic Canada Opportunities Agency |w(CaOODSP)9.538258
7760#|tAgence de promotion économique du Canada atlantique |w(CaOODSP)9.538259
830#0|aPerformance report for the period ending March 31, 2003.|w(CaOODSP)9.504909
85640|ahttp://publications.gc.ca|qPDF|s669 KB|uhttps://publications.gc.ca/collections/collection_2010/sct-tbs/BT31-4-2-2003-eng.pdf